00925cam a2200181u 450000100100000000500170001000800410002704000250006824501020009326001310019530000280032665000260035470001080038070000650048870000680055395201050062199900170072600001991820200929170205.0840817s1967 pr a 000 0 spa  aDO-SdBNPbspacBNPHU00aTemas universales del teatro espanol /cTirso de Molina, José Zorrilla, Calderón de la Banca. aSan Juan, de Puerto Rico :bEditorial del Departamento de Instruccion Pública,bEstado Libre Asociado de Puerto Rico,c1967. a317 p. :bil. ;c22 cm. 0aSpanish drama.9424791 aMolina, Tirso de,d1571?-1648.tBurlador de Sevilla y el convidado de piedra. [from old catalog]9424801 aZorilla y Moral, Jose,d1817-1893.tDon Juan Tenorio.9424811 aCalderon de la Barca, Pedro,d1600-1681.tVida es sueno.939560 001050718MOaGRbGRcCTd2010-07-09iLF1l0o p19918-10r2020-06-25w2020-06-25y1ZNo se presta c19431d19431